| 000 | 00628nam a2200229Ia 4500 | ||
|---|---|---|---|
| 003 | OSt | ||
| 005 | 20220925222026.0 | ||
| 006 | a|||||r|||| 00| 0 | ||
| 007 | ta | ||
| 008 | 220923b |||||||| |||| 00| 0 eng d | ||
| 037 | _cGeneral Book | ||
| 040 |
_aRTL _cRTL _beng |
||
| 041 |
_2eng _aeng |
||
| 082 | _aV5:194.N5, L6 | ||
| 100 |
_aHoward Michael _9112534 |
||
| 245 | 0 | _aWar in European history | |
| 260 |
_aLondon _bOxford University press _c1976 |
||
| 300 |
_ax, 165p _ccm. |
||
| 650 |
_aEurope History _914786 |
||
| 942 |
_hV5:194.N5, L6 _cGB _2CC |
||
| 999 |
_c575870 _d575870 |
||